000 00470nmm a2200157Ia 4500
008 251105s9999||||xx |||||||||||||||||und||
041 _aspa
100 _aMira, Alberto
245 0 _aEntre la cámara y la carne :
_b El cine homoerótico en 25 películas
264 _a[Madrid, España] :
_bEditorial Egales,
_c2023
300 _a418 páginas
490 _aEnsayo
650 _aFilm studies
856 _uhttps://public.digitaliapublishing.com/a/133368
942 _cCF
999 _c99245
_d99245